Państwa Europy z mapą - Statystyki

Ogólne statystyki
  • Ten quiz został rozwiązany 419 razy
    280 od ostatniego zresetowania
  • Średni wynik to 41 z 45
Odpowiedzi na mapie
Odpowiedzi zakodowano w zielono-czerwonej skali na mapie do tego quizu, zgodnie z poniższymi procentami.
 
Statystyki odpowiedzi
Stolice Państwa % Poprawnych
Rzym Włochy
100%
Berlin Niemcy
99%
Warszawa Polska
99%
Moskwa Rosja
99%
Paryż Francja
98%
Kijów Ukraina
98%
Madryt Hiszpania
97%
Lizbona Portugalia
97%
Londyn Wielka Brytania
97%
Mińsk Białoruś
96%
Praga Czechy
96%
Kopenhaga Dania
94%
Tallinn Estonia
94%
Ateny Grecja
94%
Dublin Irlandia
94%
Wilno Litwa
94%
Ryga Łotwa
94%
Bratysława Słowacja
94%
Sztokholm Szwecja
94%
Watykan Watykan
94%
Wiedeń Austria
93%
Oslo Norwegia
93%
Helsinki Finlandia
92%
Amsterdam Holandia
92%
Bruksela Belgia
91%
Reykjawik Islandia
91%
Luksemburg Luksemburg
91%
San Marino San Marino
91%
Berno Szwajcaria
91%
Budapeszt Węgry
91%
Zagrzeb Chorwacja
90%
Andora Andora
89%
Monako Monako
89%
Tirana Albania
88%
Bukareszt Rumunia
88%
Lublana Słowenia
87%
Sarajewo Bośnia i Hercegowina
86%
Vaduz Liechtenstein
85%
Sofia Bułgaria
84%
Podgorica Czarnogóra
81%
Prisztina Kosowo
81%
Skopje Macedonia
81%
Kiszyniów Mołdawia
79%
Belgrad Serbia
79%
Valletta Malta
78%
Nie znaleziono quizów pasujących do podanych kryteriów
Rozkład punktacji
Procent ludzi z każdym wynikiem
Percentyl według liczby udzielonych odpowiedzi
Twoja historia wyników
Nie rozwiązałeś tego quizu od ostatniego zresetowania